5HLuxD.jpg

KING HENRY VIII SENIOR AND PRIMARY SCHOOL LIBRARY OPAC

Matt Millz stands up! (Record no. 3557)

000 -LEADER
fixed length control field 01372nam a22002297a 4500
005 - DATE AND TIME OF LATEST TRANSACTION
control field 20240221154840.0
008 - FIXED-LENGTH DATA ELEMENTS--GENERAL INFORMATION
fixed length control field 240221b ||||| |||| 00| 0 eng d
020 ## - INTERNATIONAL STANDARD BOOK NUMBER
International Standard Book Number 9780571345687
040 ## - CATALOGING SOURCE
Transcribing agency KH8
082 ## - DEWEY DECIMAL CLASSIFICATION NUMBER
Classification number FIC HIL
100 ## - MAIN ENTRY--PERSONAL NAME
Personal name Hill, Harry
Relator term Author
245 ## - TITLE STATEMENT
Title Matt Millz stands up!
Statement of responsibility, etc. Harry Hill
260 ## - PUBLICATION, DISTRIBUTION, ETC.
Place of publication, distribution, etc. London,
Name of publisher, distributor, etc. Faber & Faber,
Date of publication, distribution, etc. 2018
300 ## - PHYSICAL DESCRIPTION
Extent 457 pages :
Other physical details illustrations ;
Dimensions 23 cm
440 ## - SERIES STATEMENT/ADDED ENTRY--TITLE
Title Matt Millz,
Volume/sequential designation 2
520 ## - SUMMARY, ETC.
Summary, etc. Matt did it! His performance at the T Factor has given him the fame he dreamed of. Kitty is getting more gigs booked in with a whole new stable of comedic acts. Unfortunately, Matt hasn't had time to come up with new jokes so it isn't long before he is greeted with the worst heckle for a comedian: 'heard it before'. But when Kitty suggests he takes a break to work on his routine, Matt can't stand to go back to his normal life. So he signs up with the stylish Excalibur Agency, brushing his concerns (and Kitty) aside. A life of celebrity awaits! But it doesn't take long for the shine to wear off and when they try and force him on to his first Live At the Apollo, without any preparation and no new jokes, how can Matt save himself from the ultimate humiliation?
650 ## - SUBJECT ADDED ENTRY--TOPICAL TERM
Topical term or geographic name entry element Boys
650 ## - SUBJECT ADDED ENTRY--TOPICAL TERM
Topical term or geographic name entry element Boys Juvenile fiction
650 ## - SUBJECT ADDED ENTRY--TOPICAL TERM
Topical term or geographic name entry element Children's stories
700 ## - ADDED ENTRY--PERSONAL NAME
Personal name Steve May
Relator term Illustrator
942 ## - ADDED ENTRY ELEMENTS (KOHA)
Source of classification or shelving scheme
Koha item type Books - Fiction
Holdings
Withdrawn status Lost status Source of classification or shelving scheme Damaged status Not for loan Collection code Permanent Location Current Location Shelving location Date acquired Total Checkouts Full call number Barcode Date last seen Date last checked out Price effective from Koha item type
          Fiction KH8 Primary School Library KH8 Primary School Library Fiction 2024-02-21 1 FIC HIL KHPL000004480 2025-12-05 2024-09-12 2024-02-21 Books - Fiction

Powered By KH8 IT Dept